| 000 | 00672nam a2200193Ia 4500 | ||
|---|---|---|---|
| 003 | GCL | ||
| 008 | 140319s9999 xx 000 0 ara d | ||
| 040 |
_aGCL / _cGCL |
||
| 082 | 0 | 4 |
_a813.009 _bع س |
| 100 | 1 | _aعبدالله ابراهيم | |
| 245 | 1 | 0 |
_aالسردية العربية بحث فى البنية السردية للموروث الحكائى العربى / _cعبدالله ابراهيم |
| 260 |
_a[S.N] : _bلجنة الاعلام والدراسات المستقبلية ، _c1992 |
||
| 300 | _a248 ص | ||
| 490 | _a | ||
| 650 | 0 | 4 | _aالادب العربى |
| 650 | 0 | 4 | _aتاريخ ونقد |
| 650 | 0 | 4 | _aالسرد الادبى |
| 942 |
_2ddc _cBK |
||
| 999 |
_c30562 _d30562 |
||